000 00456pab a2200157 454500
008 180718b2000 xxu||||| |||| 00| 0 eng d
100 _aKorovkin, Tanya
245 _aWeak weapons, strong weapons?: hidden resistance and political protest in rural Ecuador
260 _c2000
300 _ap.1-29
362 _aApr
650 _aProtest movements - Ecuador
650 _aPolitics and government
773 _aJournal of Peasant Studies
909 _a44856
999 _c44856
_d44856